The Republic of Latvia : Financial System Stability Assessment, including Reports on Observance of Standards and Codes on the following topics; Banking Supervision; Payment Systems; Securities Regulation; Insurance Regulation; Corporate Governance; and Monetary and Financial Policy Transparency.

This paper presents key findings of Latvia's Financial System Stability Assessment, including Reports on Observance of Standards and Codes on Banking Supervision; Payment Systems; Securities Regulation; Insurance Regulation; Corporate Governance; and Monetary and Financial Policy Transparency....

وصف كامل

التفاصيل البيبلوغرافية
مؤلف مشترك: International Monetary Fund
التنسيق: دورية
اللغة:English
منشور في: Washington, D.C. : International Monetary Fund, 2002.
سلاسل:IMF Staff Country Reports; Country Report ; No. 2002/067
الوصول للمادة أونلاين:Full text available on IMF
LEADER 01936cas a2200241 a 4500
001 AALejournalIMF008118
008 230101c9999 xx r poo 0 0eng d
020 |c 5.00 USD 
020 |z 9781451824537 
022 |a 1934-7685 
040 |a BD-DhAAL  |c BD-DhAAL 
110 2 |a International Monetary Fund. 
245 1 4 |a The Republic of Latvia :   |b Financial System Stability Assessment, including Reports on Observance of Standards and Codes on the following topics; Banking Supervision; Payment Systems; Securities Regulation; Insurance Regulation; Corporate Governance; and Monetary and Financial Policy Transparency. 
264 1 |a Washington, D.C. :  |b International Monetary Fund,  |c 2002. 
300 |a 1 online resource (62 pages) 
490 1 |a IMF Staff Country Reports 
500 |a <strong>Off-Campus Access:</strong> No User ID or Password Required 
500 |a <strong>On-Campus Access:</strong> No User ID or Password Required 
506 |a Electronic access restricted to authorized BRAC University faculty, staff and students 
520 3 |a This paper presents key findings of Latvia's Financial System Stability Assessment, including Reports on Observance of Standards and Codes on Banking Supervision; Payment Systems; Securities Regulation; Insurance Regulation; Corporate Governance; and Monetary and Financial Policy Transparency. The assessment reveals that the banking system of Latvia is well capitalized, profitable, and liquid following its recovery from the effects of the Russian crisis in 1998. A notable feature of the financial system is the significant share of nonresident deposits and foreign equity in the banking system and nonresident investment in the securities market. 
538 |a Mode of access: Internet 
830 0 |a IMF Staff Country Reports; Country Report ;  |v No. 2002/067 
856 4 0 |z Full text available on IMF  |u http://elibrary.imf.org/view/journals/002/2002/067/002.2002.issue-067-en.xml  |z IMF e-Library